Leveraging Leisure : Landscapes And Wellbeing (Record no. 18580)

MARC details
000 -LEADER
fixed length control field 00305nam a2200121Ia 4500
008 - FIXED-LENGTH DATA ELEMENTS--GENERAL INFORMATION
fixed length control field 220803s9999 xx 000 0 und d
041 ## - LANGUAGE CODE
Language code of text/sound track or separate title eng
082 ## - DEWEY DECIMAL CLASSIFICATION NUMBER
Classification number 712 IND
100 ## - MAIN ENTRY--PERSONAL NAME
Personal name ISOLA Pub.
9 (RLIN) 29715
245 ## - TITLE STATEMENT
Title Leveraging Leisure : Landscapes And Wellbeing
260 ## - PUBLICATION, DISTRIBUTION, ETC. (IMPRINT)
Name of publisher, distributor, etc. "ISOLA, Pune"
Date of publication, distribution, etc. 2010
300 ## - PHYSICAL DESCRIPTION
Extent 134p
Holdings
Withdrawn status Lost status Damaged status Not for loan Home library Current library Date acquired Vendor Total Checkouts Full call number Barcode Date last seen Bill Date Koha item type Original Barcode
        Dr. Bhanuben Nanavati College of Architecture Dr. Bhanuben Nanavati College of Architecture   Principal   712 IND BNCA-DB-1217 03/08/2022 03/08/2022 Donated Book DB001217
        Dr. Bhanuben Nanavati College of Architecture Dr. Bhanuben Nanavati College of Architecture   Principal   712 IND BNCA-DB-1218 03/08/2022 03/08/2022 Donated Book DB001218
        Dr. Bhanuben Nanavati College of Architecture Dr. Bhanuben Nanavati College of Architecture   Principal   712 IND BNCA-DB-1219 03/08/2022 03/08/2022 Donated Book DB001219
        Dr. Bhanuben Nanavati College of Architecture Dr. Bhanuben Nanavati College of Architecture   Principal   712 IND BNCA-DB-1220 03/08/2022 03/08/2022 Donated Book DB001220